Predaj a kúpa podniku fyzickou osobou

Pokračovanie článku sa venuje oceneniu majetku a záväzkov v účtovníctve predávajúceho podnik alebo jeho časť a zaúčtovaniu operácií týkajúcich sa predaja podniku alebo jeho časti.

Salvato in:
Dettagli Bibliografici
Autore principale: Brnová, Miroslava
Natura: Capitolo di libro
Lingua:slovacco
Soggetti:
Tags: Aggiungi Tag
Nessun Tag, puoi essere il primo ad aggiungerne!!

MARC

LEADER 00000naa a2200000 4500
001 0174487
005 20231208085926.4
041 0 |a slo 
044 |a SK 
245 1 0 |a Predaj a kúpa podniku fyzickou osobou  |c Miroslava Brnová 
520 |a Pokračovanie článku sa venuje oceneniu majetku a záväzkov v účtovníctve predávajúceho podnik alebo jeho časť a zaúčtovaniu operácií týkajúcich sa predaja podniku alebo jeho časti. 
610 2 0 |a dane z príjmov 
610 2 0 |a kúpa 
610 2 0 |a osoby fyzické 
610 2 0 |a predaj 
610 2 0 |a podnik 
610 2 0 |a oceňovanie ekonomické 
610 2 0 |a majetok podnikový 
100 1 |a Brnová, Miroslava